Countries that Visit South Africa the Most - Statistics

General Stats
  • This quiz has been taken 84 times
  • The average score is 9 of 10
Answer Stats
# Visitors Country % Correct
297,226 United States
100%
407,486 United Kingdom
99%
128,438 France
95%
256,646 Germany
95%
56,224 Canada
90%
84,691 China
88%
52,377 Italy
86%
99,205 Australia
81%
121,883 Netherlands
71%
78,385 India
70%
No matching quizzes found
Score Distribution
Percent of People with Each Score
Percentile by Number Answered
Your Score History
You have not taken this quiz